| 000 | 00819nam a2200277 a 4500 | ||
|---|---|---|---|
| 001 | 71794 | ||
| 003 | BD-RjUL | ||
| 005 | 20211209082149.0 | ||
| 008 | 170508b1960 bu ||||| |||| 00| 0 eng d | ||
| 035 | _a(BD-RjUL)72010 | ||
| 040 |
_aBD-RjUL _beng _cBD-RjUL _dBD-RjUL |
||
| 041 | _aeng | ||
| 082 |
_223 _a959.1 _bFIF 1960 |
||
| 245 |
_aFiftieth anniversary : _b publications no. 2 / _cBurma research society. |
||
| 260 |
_aRangoon : _bBurma Research Society, _c1960. |
||
| 300 |
_a544 p. : _bill. ; _c23 cm. |
||
| 650 |
_xBurma _9212389 |
||
| 650 |
_aMissions _9212390 |
||
| 650 |
_aReligion _9212391 |
||
| 650 |
_aCivilization _9212392 |
||
| 650 |
_aTemples _9212393 |
||
| 650 |
_a Architecture _9212394 |
||
| 650 |
_a Burmese literature _9212395 |
||
| 700 |
_aBurma research society. _9212396 |
||
| 942 |
_2ddc _cBK |
||
| 999 |
_c71794 _d71794 |
||